000 00385nam a2200157 i 4500
001 bg
100 1 _aELDERTON, Wiliam Palin
245 0 _aSystems of frequency curves /
_cW. Elderton, N. Johnson.
260 _aCambridge,
_c1969.
700 1 _aJOHNSON, Norman Lloyd
040 _cBPK
041 _apol
080 _a519
942 _cKS
008 s pl f |000 0 pol
999 _c12375
_d12375
856 _uhttp://koha.tu.koszalin.pl/cgi-bin/koha/opac-detail.pl?biblionumber=12375
_yKatalog online BPK